Trend Premium: For Leaders in Business

Enregistré dans:
Détails bibliographiques
Format: Publication en série
Langue:allemand
Publié: Wien Verlag & Medieninhaber 2018
Sujets:
Tags: Ajouter un tag
Pas de tags, Soyez le premier à ajouter un tag!

MARC

LEADER 00000nas2a2200000 4500
001 0290784
005 20230201084229.7
022 |a 0049-4623 
041 0 |a ger 
044 |a AT 
245 1 0 |a Trend  |b Premium: For Leaders in Business 
264 1 |a Wien  |b Verlag & Medieninhaber  |c 2018 
773 0 |w eu_un_cat*0066712 
610 2 0 |a situácia hospodárska 
610 2 0 |a rozvoj hospodársky 
610 2 0 |a Rakúsko